| 000 | 00611nam a22002297a 4500 | ||
|---|---|---|---|
| 005 | 20190318154236.0 | ||
| 008 | 190318b xxu||||| |||| 00| 0 spa d | ||
| 020 | _a9977947996 | ||
| 041 | _aspa | ||
| 082 | _a155.33 B954q | ||
| 100 |
_aBurggraf, Jutta _952816 |
||
| 245 | _a¿Qué quiere decir género?: en torno a un nuevo modo de hablar | ||
| 260 | _aCosta Rica | ||
| 260 | _bEdiciones Promesa | ||
| 260 | _c2001 | ||
| 300 | _a39 páginas | ||
| 650 |
_aDIFERENCIAS SEXUALES _949076 |
||
| 650 |
_aPSICOLOGÍA _9229 |
||
| 650 |
_aSEXO _97336 |
||
| 650 |
_aIDEOLOGÍA DE GÉNERO _952817 |
||
| 942 | _cBK | ||
| 999 |
_c11743 _d11743 |
||